000 00506nam a2200193 i 4500
001 bg
100 1 _aGRABOWSKI, Tadeusz
245 0 _aEkonomia polityczna kapitalizmu /
_cTadeusz Grabowski.
250 _aWyd. 3 zm. i rozsz.
260 _aWarszawa :
_bPańst. Wydaw. Ekonomiczne,
_c1988.
300 _a579, [1] s. ;
_c21 cm.
020 _a8320806054
040 _cBPK
041 _apol
080 _a330(075.8)
920 _a83-208-0605-4
942 _cKS
008 s pl f |000 0 pol
999 _c3988
_d3988
856 _uhttp://koha.tu.koszalin.pl/cgi-bin/koha/opac-detail.pl?biblionumber=3988
_yKatalog online BPK